[Event "IND-ch (Women) 50th"]
[Site "Karaikudi"]
[Date "2024.10.13"]
[Round "11"]
[White "Keerti, Shree Reddy"]
[Black "Kiran, Manisha Mohanty"]
[Result "0-1"]
[WhiteElo "2033"]
[BlackElo "2030"]
[PlyCount "82"]
[EventDate "2024.10.03"]
[EventType "swiss"]
[EventRounds "11"]
[EventCountry "IND"]
[SourceTitle "CB47_2024"]
[SourceDate "2024.11.20"]
[SourceVersion "1"]
[SourceVersionDate "2024.11.20"]
[SourceQuality "1"]

1. e4 c5 2. Nf3 d6 3. d4 cxd4 4. Nxd4 Nf6 5. Nc3 Nc6 6. Bg5 e6 7. Qd2 a6 8. 0-0-0 Be7 9. Bxf6 gxf6 10. Kb1 Bd7 11. f4 Qc7 12. f5 Nxd4 13. Qxd4 Qc5 14. Qd3 b5 15. Ne2 Rc8 16. Nd4 b4 17. Be2 h5 18. Rhf1 e5 19. Nb3 Qc7 20. Rc1 Bf8 21. c3 Bh6 22. Rc2 a5 23. Nd2 Ke7 24. Rd1 h4 25. Nc4 b3 26. axb3 Rb8 27. Nxd6 Rhd8 28. c4 a4 29. b4 Rxb4 30. Qd5 Be8 31. c5 Be3 32. Bh5 Kf8 33. Qd3 Bd4 34. Qd2 Rdb8 35. Qh6+ Ke7 36. Rdd2 a3 37. Qg7 a2+ 38. Ka1 Bxb2+ 39. Rxb2 Qxc5 40. Rdc2 Qg1+ 41. Kxa2 Ra4# 0-1

[Event "IND-ch (Women) 50th"]
[Site "Karaikudi"]
[Date "2024.10.11"]
[Round "9"]
[White "Keerti, Shree Reddy"]
[Black "Akshaya, Sathi"]
[Result "1-0"]
[WhiteElo "2033"]
[BlackElo "1830"]
[PlyCount "95"]
[EventDate "2024.10.03"]
[EventType "swiss"]
[EventRounds "11"]
[EventCountry "IND"]
[SourceTitle "CB47_2024"]
[SourceDate "2024.11.20"]
[SourceVersion "1"]
[SourceVersionDate "2024.11.20"]
[SourceQuality "1"]

1. e4 c5 2. Nf3 d6 3. d4 cxd4 4. Nxd4 Nf6 5. Nc3 a6 6. Be2 e5 7. Nb3 Be7 8. Be3 Be6 9. Nd5 Nxd5 10. exd5 Bf5 11. Qd2 Qc7 12. c4 a5 13. Qc3 Nd7 14. 0-0 0-0 15. Kh1 Rfe8 16. Rae1 Bf6 17. f3 a4 18. Nd2 e4 19. Bd4 e3 20. Nb1 Rac8 21. Na3 Bxd4 22. Qxd4 Qc5 23. Qc3 Ne5 24. Nb5 Bd7 25. Na3 b5 26. Nxb5 Bxb5 27. cxb5 Qxd5 28. Qxe3 Ng4 29. Qf4 Ne3 30. Rg1 Re5 31. b6 Qc6 32. Ba6 Rce8 33. Bd3 Qxb6 34. Qxa4 Qxb2 35. h3 Qd2 36. Bb5 Rb8 37. Re2 Qd5 38. Bc6 Qe6 39. f4 Rc5 40. Rge1 Rxc6 41. Qxc6 Rc8 42. Qf3 g6 43. Rxe3 Qd7 44. Qd5 Rc5 45. Re8+ Kg7 46. Qd4+ Kh6 47. Rg8 f5 48. Qf6 1-0

[Event "Wch U18 Girls"]
[Site "Montesilvano"]
[Date "2023.11.21"]
[Round "8"]
[White "Sasvatha, A."]
[Black "Keerti, Shree Reddy"]
[Result "1/2-1/2"]
[WhiteElo "1568"]
[BlackElo "1741"]
[PlyCount "96"]
[EventDate "2023.11.13"]
[EventType "swiss"]
[EventRounds "11"]
[EventCountry "ITA"]
[SourceTitle "CBM 217 Extra"]
[Source "ChessBase"]
[SourceDate "2024.01.31"]
[SourceVersion "1"]
[SourceVersionDate "2024.01.31"]
[SourceQuality "1"]

1. e4 c5 2. Nf3 a6 3. c4 Nc6 4. d4 cxd4 5. Nxd4 Nf6 6. Nc3 g6 7. Be3 d6 8. Be2 Bg7 9. 0-0 0-0 10. f3 Nxd4 11. Bxd4 Bd7 12. Qd2 a5 13. b3 Bc6 14. Kh1 Nd7 15. Be3 Nc5 16. Rad1 Qb6 17. Nd5 Bxd5 18. exd5 Qb4 19. Qc2 a4 20. Rb1 axb3 21. axb3 Rfc8 22. Bd2 Qa3 23. b4 Nd7 24. Rfc1 Qa7 25. Qe4 Qd4 26. Qxd4 Bxd4 27. Bg5 Ra2 28. Bf1 f6 29. Bf4 Kf7 30. Rd1 Be5 31. Be3 b6 32. f4 Bc3 33. Rb3 Ba1 34. Rbb1 Rca8 35. Rdc1 f5 36. Bg1 R2a3 37. Be2 Bc3 38. Rd1 Ra2 39. Bf1 Bd2 40. g3 Bc3 41. Rb3 Bg7 42. Bd3 Rc8 43. Re1 h5 44. h3 Rca8 45. Bb1 R2a3 46. Ree3 Ra1 47. Re1 R8a3 48. Ree3 Ra8 1/2-1/2

[Event "Wch U18 Girls"]
[Site "Montesilvano"]
[Date "2023.11.17"]
[Round "5"]
[White "Lu, Yun Ru"]
[Black "Keerti, Shree Reddy"]
[Result "0-1"]
[WhiteElo "1284"]
[BlackElo "1741"]
[PlyCount "44"]
[EventDate "2023.11.13"]
[EventType "swiss"]
[EventRounds "11"]
[EventCountry "ITA"]
[SourceTitle "CBM 217 Extra"]
[Source "ChessBase"]
[SourceDate "2024.01.31"]
[SourceVersion "1"]
[SourceVersionDate "2024.01.31"]
[SourceQuality "1"]

1. e4 c5 2. Nf3 g6 3. Nc3 Bg7 4. Be2 Nc6 5. 0-0 d6 6. Re1 Nf6 7. Bc4 0-0 8. h3 a6 9. a4 Bd7 10. d3 Rc8 11. Bf4 Na5 12. b3 Bc6 13. Rb1 Nh5 14. Bd2 e6 15. Ne2 d5 16. b4 dxe4 17. Ng5 Nxc4 18. dxc4 cxb4 19. Bxb4 Qxg5 20. Bxf8 Rxf8 21. a5 e3 22. f3 Bxf3 0-1

[Event "Asia-ch Rapid U20 Girls"]
[Site "Jamshedpur"]
[Date "2023.09.08"]
[Round "7"]
[White "Keerti, Shree Reddy"]
[Black "Sultanbek, Zeinep"]
[Result "0-1"]
[WhiteElo "1618"]
[BlackElo "2038"]
[PlyCount "102"]
[EventDate "2023.09.08"]
[EventType "swiss (rapid)"]
[EventRounds "9"]
[EventCountry "IND"]
[SourceTitle "CBM 216 Extra"]
[Source "ChessBase"]
[SourceDate "2023.11.30"]
[SourceVersion "1"]
[SourceVersionDate "2023.11.30"]
[SourceQuality "1"]

1. e4 c5 2. Nf3 d6 3. d4 cxd4 4. Nxd4 Nf6 5. Nc3 a6 6. Be2 e5 7. Nb3 Be7 8. 0-0 0-0 9. Kh1 b5 10. f4 Bb7 11. Bf3 b4 12. Nd5 Nxd5 13. exd5 exf4 14. Bxf4 Bg5 15. Qd2 Bxf4 16. Qxf4 a5 17. Nd4 Na6 18. Rae1 Rc8 19. Nf5 Rxc2 20. Ne7+ Kh8 21. Be4 Qxe7 22. Bxc2 Qc7 23. Qf5 g6 24. Qf6+ Kg8 25. Bb3 Qc5 26. Re7 Bxd5 27. Bxd5 Qxd5 28. Rfe1 Qc6 29. h4 Nc7 30. h5 Nd5 31. Qf3 Nxe7 32. Rxe7 Qxf3 33. gxf3 Kg7 34. hxg6 hxg6 35. Ra7 Rc8 36. Rxa5 Rc1+ 37. Kg2 Rc2+ 38. Kg3 Rxb2 39. Kf4 Kf6 40. Ra6 Ke6 41. Ke4 Rc2 42. Ra4 Rc4+ 43. Kd3 d5 44. Ra8 Rc3+ 45. Kd4 Rxf3 46. Ra6+ Kf5 47. Kxd5 Ra3 48. Rb6 Rxa2 49. Rxb4 Rd2+ 50. Kc4 g5 51. Kc3 Rd8 0-1

[Event "IND-ch U15 Girls 38th"]
[Site "New Delhi"]
[Date "2022.12.02"]
[Round "7"]
[White "Shanjula, Senthil"]
[Black "Keerti, Shree Reddy"]
[Result "0-1"]
[WhiteElo "1230"]
[BlackElo "1673"]
[PlyCount "150"]
[EventDate "2022.11.28"]
[EventType "swiss"]
[EventRounds "11"]
[EventCountry "IND"]
[SourceTitle "CBM 211 Extra"]
[Source "ChessBase"]
[SourceDate "2023.01.31"]
[SourceVersion "1"]
[SourceVersionDate "2023.01.31"]
[SourceQuality "1"]

1. e4 c5 2. Nf3 g6 3. d4 cxd4 4. Nxd4 Bg7 5. c4 Nc6 6. Be3 Nf6 7. f3 0-0 8. Nc3 d6 9. Be2 Nxd4 10. Bxd4 Bd7 11. 0-0 Bc6 12. b4 b6 13. a4 a5 14. bxa5 bxa5 15. Nb5 Nd7 16. Rb1 Bxd4+ 17. Nxd4 Rc8 18. Kh1 Nb6 19. Qb3 Nd7 20. Rfd1 Nc5 21. Nxc6 Rxc6 22. Qc2 Qc7 23. Rb5 Nd7 24. Qd2 Nb6 25. Qxa5 Ra8 26. Qc3 Nxc4 27. Qb4 Ne3 28. Rg1 Rc2 29. Bd3 Rc3 30. Qd4 Nc2 31. Bxc2 Rxc2 32. h3 Qc4 33. Qa1 Ra2 34. Qc1 Qxc1 35. Rxc1 R2xa4 36. Rb7 R4a7 37. Rbb1 Kg7 38. Kh2 Kf6 39. Rb5 Ra2 40. Rc7 R8a7 41. Rc1 Re2 42. Kg3 Raa2 43. Rg1 e6 44. Rb6 Rad2 45. Kf4 g5+ 46. Kg3 Kg7 47. Rb5 d5 48. exd5 exd5 49. f4 Re3+ 50. Kg4 gxf4 51. Kxf4 Re6 52. Rc1 d4 53. Rg5+ Rg6 54. Rxg6+ hxg6 55. g3 d3 56. Rc3 Rd1 57. g4 Rf1+ 58. Ke3 Rh1 59. Rxd3 Rxh3+ 60. Ke4 Rxd3 61. Kxd3 Kf6 62. Ke4 Kg5 63. Kf3 Kh4 64. Kf4 f6 65. Kf3 g5 66. Kf2 Kxg4 67. Kg2 Kf4 68. Kf2 g4 69. Kg2 g3 70. Kg1 Kf3 71. Kf1 g2+ 72. Kg1 f5 73. Kh2 Kf2 74. Kh3 g1Q 75. Kh4 Qg4# 0-1

[Event "IND-ch U18 Girls"]
[Site "Pollachi"]
[Date "2022.04.20"]
[Round "6"]
[White "Bhagyashree, Patil"]
[Black "Keerti, Shree Reddy"]
[Result "1-0"]
[WhiteElo "1931"]
[BlackElo "1706"]
[PlyCount "127"]
[EventDate "2022.04.18"]
[EventType "swiss"]
[EventRounds "11"]
[EventCountry "IND"]
[SourceTitle "CBM 208 Extra"]
[Source "ChessBase"]
[SourceDate "2022.07.31"]
[SourceVersion "1"]
[SourceVersionDate "2022.07.31"]
[SourceQuality "1"]

1. e4 c5 2. Nf3 g6 3. d4 cxd4 4. Nxd4 Bg7 5. Nc3 Nc6 6. Be3 Nf6 7. Be2 0-0 8. 0-0 d5 9. exd5 Nxd5 10. Nxd5 Qxd5 11. Bf3 Qa5 12. Nxc6 bxc6 13. c3 Rb8 14. Qc1 Qc7 15. Rd1 f5 16. Bc5 Be6 17. Re1 Be5 18. Rxe5 Qxe5 19. Bxa7 Ra8 20. Bd4 Qd6 21. a4 Bb3 22. a5 e5 23. Bb6 e4 24. Bd1 Bc4 25. b3 Ba6 26. b4 Qe6 27. Rb1 Bc4 28. Qf4 Rab8 29. h4 Qd5 30. h5 Rb7 31. Qh6 Qd3 32. Rc1 Rg7 33. Bd4 Rff7 34. Ba4 gxh5 35. Rd1 Rg6 36. Qxh5 Qe2 37. Qxe2 Bxe2 38. a6 Bxd1 39. Bxd1 c5 40. Bxc5 Rxa6 41. Bb3 Ra3 42. Bxf7+ Kxf7 43. Bd4 Ke6 44. g3 Rb3 45. Kg2 Kd5 46. Kh3 Rb2 47. Kh4 Ke6 48. Kg5 Rb1 49. Kh6 Rh1+ 50. Kg5 Rb1 51. Kh6 f4 52. gxf4 Kf5 53. Kxh7 Kxf4 54. Kg6 Rb2 55. Kf6 Rb1 56. Ke6 Kf3 57. Ke5 Rb3 58. Kd5 Rb2 59. Be3 Rc2 60. c4 Rc3 61. b5 Ra3 62. b6 Ra8 63. b7 Rh8 64. c5 1-0

[Event "IND-ch U16 Girls"]
[Site "New Delhi"]
[Date "2022.03.08"]
[Round "8"]
[White "Shubhi, Gupta"]
[Black "Keerti, Shree Reddy"]
[Result "1-0"]
[WhiteElo "1434"]
[BlackElo "1721"]
[PlyCount "109"]
[EventDate "2022.03.04"]
[EventType "swiss"]
[EventRounds "9"]
[EventCountry "IND"]
[SourceTitle "CBM 207 Extra"]
[Source "ChessBase"]
[SourceDate "2022.05.31"]
[SourceVersion "1"]
[SourceVersionDate "2022.05.31"]
[SourceQuality "1"]

1. d4 Nf6 2. c4 e6 3. Nf3 Bb4+ 4. Bd2 a5 5. e3 b6 6. Bd3 Ba6 7. a3 Bxd2+ 8. Nbxd2 d5 9. Qc2 c5 10. 0-0 Nbd7 11. Rac1 Rc8 12. Qb3 0-0 13. Rfd1 Bb7 14. Be2 Qc7 15. Nf1 Ne4 16. Ng3 f5 17. Nd2 Ndf6 18. cxd5 exd5 19. Ndf1 c4 20. Qc2 Nxg3 21. Nxg3 Ne4 22. b3 c3 23. Nxe4 fxe4 24. Bg4 Rce8 25. Qxc3 Qf7 26. Qe1 Qg6 27. Be2 Re7 28. Rd2 Qd6 29. a4 Re6 30. Bf1 Rh6 31. g3 Qe6 32. Bg2 Ba6 33. Bf1 Qf5 34. Bxa6 Qh3 35. Rdc2 Qxh2+ 36. Kf1 Qxg3 37. Ke2 Rh2 38. Kd1 Qh3 39. Bf1 Qf3+ 40. Re2 Rh1 41. Kd2 Qf6 42. Kc2 Qd6 43. Kb2 Rh2 44. Rec2 Rh1 45. Rd2 b5 46. Rdc2 bxa4 47. Rc8 axb3 48. Qxa5 Rh2 49. Rxf8+ Qxf8 50. Qxd5+ Kh8 51. Kxb3 Rxf2 52. Ba6 Qb8+ 53. Qb7 Qg8+ 54. d5 Rf8 55. Rc8 1-0

[Event "IND-ch U13 Girls"]
[Site "Ahmedabad"]
[Date "2018.06.15"]
[Round "3"]
[White "Vishwa, Vasnawala"]
[Black "Keerti, Shree Reddy"]
[Result "0-1"]
[WhiteElo "1758"]
[BlackElo "1343"]
[PlyCount "100"]
[EventDate "2018.06.14"]
[EventType "swiss"]
[EventRounds "11"]
[EventCountry "IND"]
[SourceTitle "EXT 2019"]
[Source "ChessBase"]
[SourceDate "2018.10.10"]
[SourceVersion "1"]
[SourceVersionDate "2018.10.10"]
[SourceQuality "1"]

1. d4 f5 2. Bf4 Nf6 3. e3 e6 4. Nf3 d5 5. c4 c6 6. Nc3 Bd6 7. Bxd6 Qxd6 8. Bd3 Nbd7 9. cxd5 Nxd5 10. Nxd5 cxd5 11. 0-0 0-0 12. Bb5 Nf6 13. Ne5 Bd7 14. Bd3 Rac8 15. f4 Ne4 16. Bxe4 dxe4 17. Qb3 b6 18. Rfd1 Bc6 19. Rac1 Bd5 20. Qa4 a5 21. a3 Rfd8 22. Qb5 g6 23. Qe2 Bb3 24. Re1 Bd5 25. h4 Kg7 26. Qf2 Qe7 27. Qg3 Qe8 28. h5 Bb3 29. Qh4 gxh5 30. Qg5+ Kh8 31. Qf6+ Kg8 32. Kf2 Bd5 33. Rh1 Bb3 34. Rh3 h4 35. Rc3 Rxc3 36. bxc3 Rc8 37. Rxh4 Rxc3 38. Qg5+ Kh8 39. Rh5 Rc2+ 40. Kg1 Rc1+ 41. Kh2 Rc7 42. Qf6+ Rg7 43. Rh3 Kg8 44. Rh6 Qe7 45. Kh3 Qxf6 46. Rxf6 Rc7 47. g4 fxg4+ 48. Nxg4 Kg7 49. Kh4 Rc1 50. Kh3 h5 0-1